An essay on the art of ingeniously tormenting (Record no. 244595)

MARC details
000 -LEADER
fixed length control field 00876nam a2200241Ia 4500
008 - FIXED-LENGTH DATA ELEMENTS--GENERAL INFORMATION
fixed length control field 191130s2006##################000#0#eng##
020 ## - INTERNATIONAL STANDARD BOOK NUMBER
ISBN 9781551110967
082 ## - DEWEY DECIMAL CLASSIFICATION NUMBER
Classification number 824.6 COL
100 ## - MAIN ENTRY--AUTHOR NAME
Personal name Collier, Jane
245 ## - TITLE STATEMENT
Title An essay on the art of ingeniously tormenting
Statement of responsibility, etc Jane Collier ; edited with an introduction and notes by Katherine A. Craik
260 ## - PUBLICATION, DISTRIBUTION, ETC. (IMPRINT)
Place of publication Oxford
Name of publisher Oxford University Press
Year of publication 2006
300 ## - PHYSICAL DESCRIPTION
Number of Pages xlv, 111 p. ; 20 cm
500 ## - GENERAL NOTE
General note Includes bibliographical references (p. [xl]-xliii)
650 ## - SUBJECT ADDED ENTRY--TOPICAL TERM
Topical Term Conduct of life - Humor - Early works to 1800
Topical Term Interpersonal relations - Humor - Early works to 1800
Topical Term Women - Conduct of life - Humor - Early works to 1800
700 ## - ADDED ENTRY--PERSONAL NAME
Personal name Craik, Katharine A
991 ## -
-- 293075
Holdings
Withdrawn status Lost status Damaged status Not for loan Home library Current library Date acquired Full call number Accession Number Price effective from Koha item type
        Anna Centenary Library Anna Centenary Library 13.10.2020 824.6 COL 418073 13.10.2020 English Books

Find us on the map